[Event "Rheinland Pfalz Seniors op"]
[Site "Altenkirchen"]
[Date "2023.09.05"]
[Round "1"]
[White "Bruns, Patrick"]
[Black "Cichy, Michael"]
[Result "1/2-1/2"]
[WhiteElo "1742"]
[BlackElo "1995"]
[PlyCount "173"]
[EventDate "2023.09.05"]
[EventType "swiss"]
[EventRounds "9"]
[EventCountry "GER"]
[SourceTitle "EXT 2024"]
[Source "ChessBase"]
[SourceDate "2023.10.10"]
[SourceVersion "1"]
[SourceVersionDate "2023.10.10"]
[SourceQuality "1"]

1. e4 c5 2. Nf3 e6 3. d4 cxd4 4. Nxd4 Nc6 5. Nxc6 bxc6 6. Bc4 Nf6 7. Nc3 d5 8. exd5 exd5 9. Qe2+ Be6 10. Bd3 Be7 11. h3 0-0 12. 0-0 Re8 13. Bd2 Bd6 14. Qf3 Qc7 15. Ne2 Rab8 16. b3 Ne4 17. Bf4 f6 18. Rfe1 Bf7 19. Bxd6 Qxd6 20. Bxe4 dxe4 21. Qe3 c5 22. c4 Rbd8 23. Nc3 Qe5 24. Nxe4 Qb2 25. Qc1 Qd4 26. Nc3 Rxe1+ 27. Qxe1 Re8 28. Qc1 a6 29. Qb2 Bh5 30. Na4 Qh4 31. Qd2 Re2 32. Qd5+ Kh8 33. Qxc5 h6 34. Nc3 Re5 35. Nd5 Qe4 36. Qe3 Qf5 37. Qa7 Qe4 38. Qe3 Qf5 39. Qc5 Qe4 40. Qc8+ Kh7 41. Qc7 Kh8 42. Ne3 Rg5 43. Qd8+ Kh7 44. Qd2 Bf3 45. g3 Qh4 46. Qd3+ Be4 47. Qf1 f5 48. Kh2 Qh5 49. Ng2 Qf3 50. Nf4 h5 51. Qe2 Qxf4 52. gxf4 Rg2+ 53. Kh1 Rxf2+ 54. Qxe4 fxe4 55. c5 Rxf4 56. c6 Rf8 57. c7 Rc8 58. Rc1 Kg6 59. Rc5 Kf6 60. Kg2 g5 61. Kf2 g4 62. hxg4 hxg4 63. b4 Ke6 64. Ke3 g3 65. Kxe4 Kd6 66. Kf3 Rxc7 67. Ra5 Rf7+ 68. Kg2 Kc6 69. a3 Kb6 70. Kxg3 Rf8 71. Kg4 Rf1 72. Kg5 Rf3 73. Kg4 Rf1 74. Kg3 Rf6 75. Rg5 Rf1 76. Rg6+ Kb5 77. Rg5+ Kb6 78. a4 Rb1 79. a5+ Kb7 80. Rg7+ Kb8 81. Rg4 Rg1+ 82. Kf4 Rxg4+ 83. Kxg4 Kc7 84. Kf4 Kc6 85. Ke4 Kb5 86. Kd3 Kxb4 87. Kc2 1/2-1/2

[Event "Berlin-ch Seniors op 39th"]
[Site "Berlin"]
[Date "2023.01.24"]
[Round "1"]
[White "Kranch, Klaus"]
[Black "Cichy, Michael"]
[Result "1/2-1/2"]
[WhiteElo "1739"]
[BlackElo "2056"]
[PlyCount "75"]
[EventDate "2023.01.24"]
[EventType "swiss"]
[EventRounds "9"]
[EventCountry "GER"]
[SourceTitle "CBM 212 Extra"]
[Source "ChessBase"]
[SourceDate "2023.03.31"]
[SourceVersion "1"]
[SourceVersionDate "2023.03.31"]
[SourceQuality "1"]

1. Nf3 Nf6 2. c4 b6 3. d4 e6 4. Nc3 Bb4 5. Bd2 Bb7 6. e3 0-0 7. Be2 d5 8. cxd5 exd5 9. 0-0 Nbd7 10. Rc1 a6 11. a3 Bd6 12. b4 c6 13. Qc2 Re8 14. Bd3 Qe7 15. e4 dxe4 16. Nxe4 Nxe4 17. Rfe1 f5 18. Bc4+ Kh8 19. Ng5 Nxg5 20. Rxe7 Bxe7 21. Qxf5 Bc8 22. Bxg5 Rf8 23. Qg4 Ne5 24. Qg3 Bxg5 25. Qxg5 Nxc4 26. Rxc4 Bd7 27. h4 Rae8 28. Rc2 Rf6 29. Kf1 Bf5 30. Rd2 Be4 31. h5 Bd5 32. f3 Rfe6 33. Kf2 b5 34. Qf4 h6 35. Qg4 R8e7 36. Qg3 Kh7 37. Qf4 Rf6 38. Qh4 1/2-1/2

[Event "Altenkirchen Seniors op 19th"]
[Site "Altenkirchen"]
[Date "2022.07.24"]
[Round "6"]
[White "Boidman, Yuri"]
[Black "Cichy, Michael"]
[Result "1-0"]
[WhiteElo "2286"]
[BlackElo "2031"]
[PlyCount "109"]
[EventDate "2022.07.19"]
[EventType "swiss"]
[EventRounds "9"]
[EventCountry "GER"]
[SourceTitle "CBM 209 Extra"]
[Source "ChessBase"]
[SourceDate "2022.09.30"]
[SourceVersion "1"]
[SourceVersionDate "2022.09.30"]
[SourceQuality "1"]

1. e4 c5 2. Nf3 e6 3. g3 Nc6 4. Bg2 d5 5. exd5 exd5 6. d4 cxd4 7. Nxd4 Nf6 8. 0-0 Bc5 9. Nb3 Bg4 10. Re1+ Kf8 11. Bf3 Bxf3 12. Qxf3 Be7 13. Nc3 d4 14. Ne2 Qd7 15. Bf4 h6 16. Rad1 g5 17. Be3 Qh3 18. Nexd4 Ng4 19. Qg2 Qxg2+ 20. Kxg2 Nxe3+ 21. Rxe3 Nxd4 22. Rxd4 Rd8 23. Red3 Kg7 24. Rd7 Bf6 25. c3 b6 26. Rxd8 Rxd8 27. Rxd8 Bxd8 28. Nd4 a6 29. g4 Kf6 30. Kf3 Bc7 31. h3 Ke5 32. Ke3 Bd6 33. Nc6+ Kd5 34. Nd4 b5 35. b3 Ke5 36. Nf3+ Kd5 37. Nd4 Ke5 38. Nf3+ Kd5 39. Kd3 Bc5 40. Ke2 Ke4 41. Nd2+ Kd5 42. b4 Bd6 43. Kd3 Bf8 44. a3 Bd6 45. c4+ bxc4+ 46. Nxc4 Bf8 47. Ne3+ Ke5 48. Nc2 Kd5 49. a4 Bd6 50. b5 axb5 51. axb5 Kc5 52. Nd4 Bf8 53. Ke4 Bg7 54. Nf5 Bf8 55. Ke5 1-0

[Event "Altenkirchen Seniors op 19th"]
[Site "Altenkirchen"]
[Date "2022.07.21"]
[Round "3"]
[White "Brock, Friedemann"]
[Black "Cichy, Michael"]
[Result "0-1"]
[WhiteElo "2249"]
[BlackElo "2031"]
[PlyCount "70"]
[EventDate "2022.07.19"]
[EventType "swiss"]
[EventRounds "9"]
[EventCountry "GER"]
[SourceTitle "CBM 209 Extra"]
[Source "ChessBase"]
[SourceDate "2022.09.30"]
[SourceVersion "1"]
[SourceVersionDate "2022.09.30"]
[SourceQuality "1"]

1. d4 Nf6 2. c4 e6 3. Nf3 Bb4+ 4. Nbd2 b6 5. a3 Bxd2+ 6. Qxd2 Bb7 7. e3 0-0 8. Be2 d5 9. b3 Nbd7 10. Bb2 Ne4 11. Qc2 Rc8 12. 0-0 Qe7 13. Rad1 Rfd8 14. Bd3 h6 15. b4 c5 16. dxc5 bxc5 17. b5 Ndf6 18. Ne5 Nd6 19. a4 dxc4 20. Nxc4 Nxc4 21. Bxc4 Bd5 22. f3 Qc7 23. e4 Bxc4 24. Qxc4 Nd7 25. Qc3 f6 26. f4 c4 27. Qh3 Nc5 28. Qg4 Qf7 29. f5 e5 30. Bc1 h5 31. Qe2 Nxa4 32. Be3 Nc3 33. Rxd8+ Rxd8 34. Qc2 Nxb5 35. Rb1 Na3 0-1

[Event "Heusenstamm Sparkassen op-A 7th"]
[Site "Heusenstamm"]
[Date "2021.11.20"]
[Round "5.36"]
[White "Ungurean, Florin Ioan"]
[Black "Cichy, Michael"]
[Result "1/2-1/2"]
[WhiteElo "1970"]
[BlackElo "2059"]
[PlyCount "40"]
[EventDate "2021.11.18"]
[EventType "swiss"]
[EventRounds "7"]
[EventCountry "GER"]
[SourceTitle "EXT 2023"]
[Source "ChessBase"]
[SourceDate "2022.10.05"]
[SourceVersion "1"]
[SourceVersionDate "2022.10.05"]
[SourceQuality "1"]

1. d4 Nf6 2. Nf3 e6 3. Bf4 b6 4. e3 Bb7 5. Nbd2 c5 6. c3 Be7 7. h3 0-0 8. Bd3 cxd4 9. exd4 d6 10. Qe2 Nbd7 11. 0-0 Re8 12. Bh2 a6 13. a4 Qc7 14. Rfd1 h6 15. Nc4 Qc6 16. Ne3 Bf8 17. Bc2 Be7 18. Bb3 Qc7 19. Bg3 Nh5 20. Bh2 Nhf6 1/2-1/2

[Event "Heusenstamm Sparkassen op-A 7th"]
[Site "Heusenstamm"]
[Date "2021.11.19"]
[Round "3.14"]
[White "Krastev, Alexander"]
[Black "Cichy, Michael"]
[Result "1-0"]
[WhiteElo "2418"]
[BlackElo "2059"]
[PlyCount "71"]
[EventDate "2021.11.18"]
[EventType "swiss"]
[EventRounds "7"]
[EventCountry "GER"]
[SourceTitle "EXT 2023"]
[Source "ChessBase"]
[SourceDate "2022.10.05"]
[SourceVersion "1"]
[SourceVersionDate "2022.10.05"]
[SourceQuality "1"]

1. e4 c5 2. Nf3 e6 3. d4 cxd4 4. Nxd4 Nc6 5. Nc3 Qc7 6. g3 a6 7. Bg2 Nf6 8. 0-0 h5 9. Re1 Nxd4 10. Qxd4 Bc5 11. Bf4 d6 12. Qd2 e5 13. Be3 Be6 14. Bxc5 Qxc5 15. Rad1 Rd8 16. h3 b5 17. Re3 0-0 18. a3 a5 19. Nd5 Bxd5 20. exd5 b4 21. axb4 axb4 22. Ra1 Ra8 23. Rxa8 Rxa8 24. Rb3 Ra1+ 25. Kh2 Ra4 26. c3 bxc3 27. Rb8+ Kh7 28. Qc2+ e4 29. Qxa4 c2 30. Bxe4+ Nxe4 31. Qxe4+ g6 32. Qf4 Kg7 33. Rb7 c1Q 34. Qxf7+ Kh6 35. Qf8+ Kg5 36. h4+ 1-0

[Event "Eschborn op"]
[Site "Eschborn"]
[Date "2019.08.17"]
[Round "3.2"]
[White "Cichy, Michael"]
[Black "Boidman, Yuri"]
[Result "1-0"]
[WhiteElo "1991"]
[BlackElo "2332"]
[PlyCount "59"]
[EventDate "2019.08.16"]
[EventType "swiss"]
[EventRounds "5"]
[EventCountry "GER"]
[SourceTitle "EXT 2024"]
[Source "ChessBase"]
[SourceDate "2023.10.10"]
[SourceVersion "1"]
[SourceVersionDate "2023.10.10"]
[SourceQuality "1"]

1. d4 d6 2. Nf3 Nf6 3. c4 Nbd7 4. Nc3 e5 5. e4 c6 6. Be2 Be7 7. 0-0 a6 8. Rb1 Qc7 9. Re1 b5 10. b4 0-0 11. h3 exd4 12. Nxd4 Ne5 13. cxb5 cxb5 14. Qb3 Bb7 15. Bf1 Rfc8 16. Nd5 Nxd5 17. exd5 Bf6 18. Nf5 Qd7 19. Ne3 Rc3 20. Qd1 Rc7 21. Bb2 Rac8 22. f4 Nc4 23. Bxf6 Nxe3 24. Rxe3 gxf6 25. Qd4 Rc1 26. Rxc1 Rxc1 27. Qxf6 Qc8 28. Qg5+ Kh8 29. Rg3 Rxf1+ 30. Kh2 1-0

[Event "RLP Seniors op 17th"]
[Site "Neustadt an der Weinstrasse"]
[Date "2019.07.28"]
[Round "9"]
[White "Cichy, Michael"]
[Black "Kargoll, Peter"]
[Result "1/2-1/2"]
[WhiteElo "2042"]
[BlackElo "2147"]
[PlyCount "53"]
[EventDate "2019.07.20"]
[EventType "swiss"]
[EventRounds "9"]
[EventCountry "GER"]
[SourceTitle "CBM 192 Extra"]
[Source "Chessbase"]
[SourceDate "2019.11.06"]
[SourceVersion "1"]
[SourceVersionDate "2019.11.06"]
[SourceQuality "1"]

1. d4 d5 2. Nf3 Nf6 3. c4 e6 4. Nc3 Be7 5. Bg5 0-0 6. e3 h6 7. Bh4 b6 8. Bd3 Bb7 9. 0-0 Nbd7 10. Qe2 Ne4 11. Bg3 f5 12. Nd2 Nxg3 13. hxg3 Rf6 14. Rad1 c6 15. a3 a5 16. Qh5 Qe8 17. Qxe8+ Rxe8 18. cxd5 exd5 19. Nf3 Bd6 20. Rfe1 g6 21. Rc1 Kg7 22. Na4 Rfe6 23. Rc2 Kf6 24. Rec1 g5 25. Rb1 Ra8 26. Bf1 Re7 27. Bd3 1/2-1/2

[Event "RLP Seniors op 17th"]
[Site "Neustadt an der Weinstrasse"]
[Date "2019.07.26"]
[Round "7"]
[White "Kelchner, Hans"]
[Black "Cichy, Michael"]
[Result "0-1"]
[WhiteElo "2126"]
[BlackElo "2042"]
[PlyCount "72"]
[EventDate "2019.07.20"]
[EventType "swiss"]
[EventRounds "9"]
[EventCountry "GER"]
[SourceTitle "CBM 192 Extra"]
[Source "Chessbase"]
[SourceDate "2019.11.06"]
[SourceVersion "1"]
[SourceVersionDate "2019.11.06"]
[SourceQuality "1"]

1. d4 Nf6 2. Nf3 e6 3. e3 b6 4. Bd3 c5 5. 0-0 Bb7 6. Nbd2 cxd4 7. exd4 Be7 8. Qe2 d6 9. c4 0-0 10. b3 Nbd7 11. Bb2 Re8 12. Rfe1 Rc8 13. a4 a5 14. Ng5 Nf8 15. Nge4 Nxe4 16. Nxe4 d5 17. Nd2 Ng6 18. g3 Qd7 19. Nf3 Red8 20. h4 Bf6 21. h5 Nf8 22. h6 gxh6 23. Ne5 Bxe5 24. Qxe5 f5 25. c5 bxc5 26. Bb5 Bc6 27. Bxc6 Rxc6 28. dxc5 Ng6 29. Qc3 d4 30. Qxa5 f4 31. Rad1 e5 32. Rd3 Rf8 33. Qb5 f3 34. Kh2 Rf5 35. Re4 Rh5+ 36. Kg1 Rh1+ 0-1

[Event "Wiesbaden op 30th"]
[Site "Wiesbaden"]
[Date "2018.08.26"]
[Round "6"]
[White "Eg, Karlheinz"]
[Black "Cichy, Michael"]
[Result "0-1"]
[WhiteElo "1863"]
[BlackElo "2036"]
[PlyCount "106"]
[EventDate "2018.08.23"]
[EventType "swiss"]
[EventRounds "7"]
[EventCountry "GER"]
[SourceTitle "CBM 186 Extra"]
[Source "ChessBase"]
[SourceDate "2018.08.24"]
[SourceVersion "1"]
[SourceVersionDate "2018.08.24"]
[SourceQuality "1"]

1. e4 c5 2. Nf3 e6 3. d4 cxd4 4. Nxd4 Nc6 5. c4 Nf6 6. Nc3 Bb4 7. Nxc6 bxc6 8. e5 Ne4 9. Qg4 Nxc3 10. a3 Bf8 11. bxc3 Qa5 12. Qg3 Rb8 13. Be2 g6 14. 0-0 Bg7 15. f4 Rb3 16. Rf3 Ba6 17. Bd1 Rb7 18. a4 Bxc4 19. Ba3 c5 20. Qf2 Rc7 21. Be2 Bxe2 22. Qxe2 Qxa4 23. Bb2 Qc6 24. Ra5 0-0 25. Ba3 Qd5 26. Rd3 Qc4 27. Qd1 Rb8 28. Ra4 Qb5 29. Rd2 Qb1 30. Bc1 Bf8 31. Raa2 Qe4 32. Ra4 c4 33. Re2 Qc6 34. Rea2 Rb1 35. Qc2 Rcb7 36. Kf2 Bc5+ 37. Kg3 Qb5 38. Ra5 Qb6 39. Rxa7 Rxa7 40. Rxa7 Qxa7 41. Qxb1 d5 42. exd6 Bxd6 43. Qe4 Qc7 44. Kf3 Kf8 45. Qa8+ Ke7 46. Ba3 Bxa3 47. Qxa3+ Kf6 48. g4 Qc6+ 49. Ke3 Qd5 50. Qb4 Qd3+ 51. Kf2 Qe4 52. g5+ Kf5 53. Qc5+ Kxf4 0-1

[Event "Wiesbaden op 30th"]
[Site "Wiesbaden"]
[Date "2018.08.24"]
[Round "3"]
[White "Cichy, Michael"]
[Black "Pauly, Markus"]
[Result "1-0"]
[WhiteElo "2036"]
[BlackElo "1805"]
[PlyCount "51"]
[EventDate "2018.08.23"]
[EventType "swiss"]
[EventRounds "7"]
[EventCountry "GER"]
[SourceTitle "CBM 186 Extra"]
[Source "ChessBase"]
[SourceDate "2018.08.24"]
[SourceVersion "1"]
[SourceVersionDate "2018.08.24"]
[SourceQuality "1"]

1. d4 g6 2. Nf3 Bg7 3. c4 c5 4. d5 d6 5. e4 e5 6. Be2 Ne7 7. h4 h6 8. h5 g5 9. Nc3 f5 10. g4 fxe4 11. Nh2 Nd7 12. Nxe4 Nf6 13. Nc3 Bd7 14. Nf1 a6 15. a4 b6 16. Ng3 0-0 17. f3 Ra7 18. Be3 Rb7 19. Qd3 Kh8 20. 0-0 Bc8 21. Rab1 Qe8 22. b4 Nd7 23. Nge4 Qd8 24. Nxd6 Rc7 25. Nde4 Rb7 26. bxc5 1-0

[Event "Rhein Main op-A 21st"]
[Site "Bad Homburg"]
[Date "2018.06.01"]
[Round "4"]
[White "Cichy, Michael"]
[Black "Kretner, Georg Ulrich"]
[Result "1/2-1/2"]
[WhiteElo "2047"]
[BlackElo "1862"]
[PlyCount "60"]
[EventDate "2018.05.30"]
[EventType "swiss"]
[EventRounds "7"]
[EventCountry "GER"]
[SourceTitle "EXT 2019"]
[Source "ChessBase"]
[SourceDate "2018.10.10"]
[SourceVersion "1"]
[SourceVersionDate "2018.10.10"]
[SourceQuality "1"]

1. d4 f5 2. Nf3 Nf6 3. g3 e6 4. Bg2 d5 5. 0-0 c6 6. c4 Bd6 7. b3 Qe7 8. a4 a5 9. Ba3 0-0 10. Qc1 Bd7 11. Qb2 Be8 12. Bxd6 Qxd6 13. Nbd2 Nbd7 14. Ne5 Bh5 15. Ndf3 Ne4 16. c5 Qe7 17. Nxd7 Qxd7 18. Ne5 Qe7 19. f3 Ng5 20. b4 axb4 21. Qxb4 Ra7 22. Ra3 Rfa8 23. Rfa1 Be8 24. a5 Nf7 25. Nxf7 Kxf7 26. f4 Bd7 27. Qc3 Qd8 28. Bf1 g5 29. e3 g4 30. Qb4 Bc8 1/2-1/2

[Event "Rhein Main op-A 21st"]
[Site "Bad Homburg"]
[Date "2018.05.30"]
[Round "1"]
[White "Ochs, Daniel Elias"]
[Black "Cichy, Michael"]
[Result "1/2-1/2"]
[WhiteElo "1762"]
[BlackElo "2047"]
[PlyCount "48"]
[EventDate "2018.05.30"]
[EventType "swiss"]
[EventRounds "7"]
[EventCountry "GER"]
[SourceTitle "EXT 2019"]
[Source "ChessBase"]
[SourceDate "2018.10.10"]
[SourceVersion "1"]
[SourceVersionDate "2018.10.10"]
[SourceQuality "1"]

1. d4 Nf6 2. Nf3 e6 3. e3 b6 4. Be2 Bb7 5. c4 Bb4+ 6. Bd2 c5 7. Bxb4 cxb4 8. Nbd2 0-0 9. 0-0 d6 10. Rc1 Qe7 11. Qb3 a5 12. a3 Na6 13. Rfd1 Rfe8 14. Nb1 Rac8 15. axb4 Nxb4 16. Nc3 Qc7 17. Nb5 Qb8 18. h3 Red8 19. Ne1 h6 20. Bf3 Bxf3 21. Nxf3 Ne4 22. Nc3 Nf6 23. Nb5 Ne4 24. Nc3 Nf6 1/2-1/2

[Event "GER-chT Seniors 26th"]
[Site "Templin"]
[Date "2017.09.29"]
[Round "5.4"]
[White "Cichy, Michael"]
[Black "Eichner, Christian"]
[Result "1-0"]
[WhiteElo "2043"]
[BlackElo "2067"]
[PlyCount "69"]
[EventDate "2017.09.25"]
[EventType "team-swiss"]
[EventRounds "7"]
[EventCountry "GER"]
[SourceTitle "EXT 2019"]
[Source "ChessBase"]
[SourceDate "2018.10.10"]
[SourceVersion "1"]
[SourceVersionDate "2018.10.10"]
[SourceQuality "1"]
[WhiteTeam "Niedersachsen"]
[BlackTeam "Sachsen II"]
[WhiteTeamCountry "GER"]
[BlackTeamCountry "GER"]

1. d4 Nf6 2. Nf3 g6 3. c4 Bg7 4. Nc3 d5 5. Qb3 dxc4 6. Qxc4 a6 7. e4 b5 8. Qb3 0-0 9. e5 Be6 10. Qc2 Bf5 11. Bd3 Bxd3 12. Qxd3 Nd5 13. 0-0 Nc6 14. Ne4 e6 15. Bg5 Nce7 16. Rfe1 h6 17. Bxe7 Qxe7 18. Nc5 Rfd8 19. Rac1 Bf8 20. Qe4 Ra7 21. h3 a5 22. Re2 Qe8 23. g3 Nb6 24. Nd2 Rd5 25. Nf3 Qd8 26. Kg2 Nc4 27. Nd3 Kh7 28. h4 Qe8 29. h5 a4 30. Nf4 Rd8 31. hxg6+ fxg6 32. Nh4 Kg7 33. Nhxg6 c6 34. Nh5+ Kf7 35. Nh8+ 1-0

[Event "GER-chT Seniors 26th"]
[Site "Templin"]
[Date "2017.09.27"]
[Round "3.4"]
[White "Cichy, Michael"]
[Black "Kliewe, Hans Juergen"]
[Result "1/2-1/2"]
[WhiteElo "2043"]
[BlackElo "2037"]
[PlyCount "52"]
[EventDate "2017.09.25"]
[EventType "team-swiss"]
[EventRounds "7"]
[EventCountry "GER"]
[SourceTitle "EXT 2019"]
[Source "ChessBase"]
[SourceDate "2018.10.10"]
[SourceVersion "1"]
[SourceVersionDate "2018.10.10"]
[SourceQuality "1"]
[WhiteTeam "Niedersachsen"]
[BlackTeam "Mecklenburg Vorpommern"]
[WhiteTeamCountry "GER"]
[BlackTeamCountry "GER"]

1. d4 d5 2. Nf3 Nf6 3. c4 c6 4. Qc2 g6 5. e3 Bf5 6. Bd3 Bxd3 7. Qxd3 e6 8. Nc3 Nbd7 9. 0-0 Be7 10. e4 dxe4 11. Nxe4 Nxe4 12. Qxe4 0-0 13. Bh6 Re8 14. Rad1 Qa5 15. Qc2 Qh5 16. Bc1 Nf6 17. h3 Qa5 18. Bd2 Qa6 19. b3 b5 20. Bf4 Nh5 21. Be5 Rac8 22. Qe2 Ng7 23. cxb5 Qxb5 24. Qc4 Red8 25. Rc1 f6 26. Bh2 Ba3 1/2-1/2

[Event "GER-chT Seniors 26th"]
[Site "Templin"]
[Date "2017.09.26"]
[Round "2.16"]
[White "Kierzek, Mira"]
[Black "Cichy, Michael"]
[Result "1/2-1/2"]
[WhiteElo "2037"]
[BlackElo "2043"]
[PlyCount "57"]
[EventDate "2017.09.25"]
[EventType "team-swiss"]
[EventRounds "7"]
[EventCountry "GER"]
[SourceTitle "EXT 2019"]
[Source "ChessBase"]
[SourceDate "2018.10.10"]
[SourceVersion "1"]
[SourceVersionDate "2018.10.10"]
[SourceQuality "1"]
[WhiteTeam "Hessen"]
[BlackTeam "Niedersachsen"]
[WhiteTeamCountry "GER"]
[BlackTeamCountry "GER"]

1. e4 c5 2. Nf3 e6 3. d4 cxd4 4. Nxd4 Nc6 5. Nc3 Qc7 6. Be3 a6 7. a3 Nf6 8. Be2 b5 9. Nxc6 dxc6 10. Qd2 Bb7 11. Rd1 Be7 12. 0-0 Rd8 13. Qc1 0-0 14. f4 Rxd1 15. Qxd1 c5 16. e5 Ne4 17. Nxe4 Bxe4 18. Bf3 Rd8 19. Qe2 Qc6 20. Qf2 Bxf3 21. Qxf3 Qxf3 22. Rxf3 c4 23. Rf1 h5 24. Kf2 Kf8 25. Ke2 Ke8 26. h3 Rd5 27. g4 hxg4 28. hxg4 g5 29. Rh1 1/2-1/2

[Event "Rheinland Pfalz op Seniors 15th"]
[Site "Neustadt an der Weinstrasse"]
[Date "2017.07.20"]
[Round "6"]
[White "Thronicke, Klaus Peter"]
[Black "Cichy, Michael"]
[Result "1/2-1/2"]
[WhiteElo "1847"]
[BlackElo "2077"]
[PlyCount "92"]
[EventDate "2017.07.15"]
[EventType "swiss"]
[EventRounds "9"]
[EventCountry "GER"]
[SourceTitle "EXT 2018"]
[Source "ChessBase"]
[SourceDate "2017.10.13"]
[SourceVersion "1"]
[SourceVersionDate "2017.10.13"]
[SourceQuality "1"]

1. d4 Nf6 2. Bf4 e6 3. Nf3 b6 4. e3 Bb7 5. Nbd2 c5 6. c3 Be7 7. h3 cxd4 8. cxd4 0-0 9. Bd3 Nc6 10. 0-0 d6 11. Be2 Rc8 12. Rc1 h6 13. Bh2 g6 14. a3 b5 15. b4 Qb6 16. Qb3 Nb8 17. Qb2 Nbd7 18. Bd3 Rxc1 19. Rxc1 Rc8 20. Rxc8+ Bxc8 21. Qc2 Bb7 22. e4 Qc6 23. Bf4 Qxc2 24. Bxc2 Nb6 25. e5 dxe5 26. Bxe5 Nfd7 27. Bg3 Bd5 28. Ne5 Nxe5 29. dxe5 Kf8 30. f4 Ke8 31. Bf2 Nc4 32. Nxc4 Bxc4 33. Be4 Bd5 34. Bxd5 exd5 35. Bd4 a6 36. g4 h5 37. Kg2 hxg4 38. hxg4 Kd7 39. f5 gxf5 40. gxf5 Bg5 41. Bb2 Bd8 42. Kf3 Bb6 43. Kf4 Bf2 44. Kf3 Bb6 45. Kg4 Be3 46. Kf3 Bb6 1/2-1/2